| 000 | 00936nam a22002297a 4500 | ||
|---|---|---|---|
| 999 |
_c61850 _d61850 |
||
| 005 | 20240529112310.0 | ||
| 008 | 240529s2007 enk||||| |||| 00| 0 eng d | ||
| 020 | _a9780781762496x | ||
| 041 | _aeng | ||
| 080 | _a618 T-44 | ||
| 245 |
_aThe Johns Hopkins Manual of Gynecology And Obstetrics / _cEdited by Fortner, Kimberly B. Szymanski, Linda M., Fox, Harold E., Edward E. Wallach. |
||
| 264 |
_aPhiladelphia : _b Lippincott Williams & Wilkins, _c2007. |
||
| 300 |
_a631 p.: _bill.; _c22 cm. |
||
| 653 | _aგინეკოლოგია | ||
| 653 | _aმეანობა | ||
| 653 | _aმედიცინა | ||
| 700 |
_aFortner, Kimberly B. _eრედაქტორი _922210 |
||
| 700 |
_aSzymanski, Linda M. _eრედაქტორი _922211 |
||
| 700 |
_aFox, Harold E. _eრედაქტორი _98696 |
||
| 700 |
_aWallach Edward E. _eრედაქტორი _98697 |
||
| 942 |
_2udc _cᲬᲘᲒᲜᲘ |
||